[Event "Bunratty Masters 2008"]
[Site "Bunratty IRL"]
[Date "2008.02.24"]
[Round "6"]
[White "Heinrich, Jan"]
[Black "Hanly, Steven"]
[Result "1-0"]
[WhiteElo "2133"]
[BlackElo "2020"]
[WhiteICU "2084"]
[BlackICU "1972"]
[BlackClub "Shannon"]
[WhiteNationality "SVK"]
[BlackNationality "IRL"]
[WhiteFideId "14902060"]
[BlackFideId "2502232"]
[PlyCount "75"]
[EventDate "2008.02.22"]
[Source "TWIC 696"]

{ Event information: <a
href="https://www.irlchess.com/bunratty2008_allfiles/pairings_bunratty2008.html">Tournament
report</a>. }

1. d4 e6 2. c4 Bb4+ 3. Bd2 Bxd2+ 4. Nxd2 d5 5. Ngf3 Nf6 6. g3 O-O 7. Bg2 b6
8. O-O Bb7 9. Rc1 dxc4 10. Nxc4 Na6 11. Qa4 Qe8 12. Qa3 Ne4 13. Ng5 f5 14.
Nxe4 fxe4 15. Bxe4 Bxe4 16. Qxa6 Qd7 17. Nd2 Bf5 18. Qc4 Bh3 19. Rfd1 Qf7
20. f3 Rac8 21. Ne4 Qg6 22. Qd3 Bf5 23. Qe3 Rfd8 24. Nf2 Qf6 25. Qe5 Qf7
26. e4 Bg6 27. f4 Qd7 28. b3 Bf7 29. Kg2 a5 30. g4 g6 31. g5 Qd6 32. Ng4
Qxe5 33. dxe5 c5 34. Rd6 Rxd6 35. exd6 Rd8 36. d7 Kf8 37. Ne5 Bg8 38. Rd1
1-0

[Event "Bunratty Masters 2008"]
[Site "Bunratty IRL"]
[Date "2008.02.24"]
[Round "6"]
[White "Johannesson, Ingvar Thor"]
[Black "Williams, Simon"]
[Result "1-0"]
[WhiteTitle "FM"]
[BlackTitle "IM"]
[WhiteElo "2338"]
[BlackElo "2482"]
[WhiteNationality "ISL"]
[BlackNationality "ENG"]
[WhiteFideId "2301490"]
[BlackFideId "404454"]
[PlyCount "61"]
[EventDate "2008.02.22"]
[Source "TWIC 696"]
[WhiteFullName "J&oacute;hannesson, Ingvar &THORN;or"]

{ Event information: <a
href="https://www.irlchess.com/bunratty2008_allfiles/pairings_bunratty2008.html">Tournament
report</a>. }

1. b3 e5 2. Bb2 e4 3. c4 c6 4. e3 d5 5. cxd5 cxd5 6. d3 Nf6 7. a3 Bd6 8.
Nd2 O-O 9. dxe4 Re8 10. exd5 Nxd5 11. Nc4 Bc5 12. b4 Bf8 13. Nf3 Nc6 14.
Be2 b5 15. Nce5 Nxe5 16. Bxe5 Bb7 17. Bd4 Nf4 18. exf4 Bxf3 19. gxf3 Qh4
20. Qb3 a5 21. bxa5 Rxa5 22. Be3 Qh3 23. a4 Rea8 24. Bxb5 Qxf3 25. Rg1 Qh5
26. Rg5 Qxh2 27. Rf5 Bb4+ 28. Ke2 Qh3 29. Qxf7+ Kh8 30. Rg1 Rg8 31. Rh5 1-0

[Event "Bunratty Masters 2008"]
[Site "Bunratty IRL"]
[Date "2008.02.24"]
[Round "6"]
[White "McPhillips, Karl"]
[Black "Fox, Anthony"]
[Result "1-0"]
[WhiteElo "2206"]
[BlackElo "2100"]
[WhiteICU "2236"]
[BlackICU "2105"]
[WhiteClub "Kilkenny"]
[BlackClub "Dun Laoghaire"]
[WhiteNationality "IRL"]
[BlackNationality "IRL"]
[WhiteFideId "2501503"]
[BlackFideId "2500736"]
[PlyCount "51"]
[EventDate "2008.02.22"]
[Source "TWIC 696"]

{ Event information: <a
href="https://www.irlchess.com/bunratty2008_allfiles/pairings_bunratty2008.html">Tournament
report</a>. }

1. d4 d5 2. c4 e6 3. Nf3 Nf6 4. Bg5 Be7 5. Nc3 O-O 6. e3 h6 7. Bh4 b6 8.
Qc2 Bb7 9. Bxf6 Bxf6 10. cxd5 exd5 11. O-O-O c5 12. g4 Nc6 13. h4 cxd4 14.
exd4 Qd6 15. Qd2 Be7 16. Bd3 Nb4 17. Bb1 Rac8 18. Ne5 Rc7 19. a3 a5 20. f4
Rfc8 21. h5 Na6 22. Qd3 Rxc3+ 23. bxc3 Qxa3+ 24. Kd2 f5 25. Qxf5 Qxc3+ 26.
Ke2 1-0

[Event "Bunratty Masters 2008"]
[Site "Bunratty IRL"]
[Date "2008.02.24"]
[Round "6"]
[White "Murray, David B."]
[Black "O'Shea, Kevin"]
[Result "1/2-1/2"]
[WhiteElo "1990"]
[BlackElo "2035"]
[BlackICU "1923"]
[WhiteClub "Gonzaga"]
[BlackClub "Douglas"]
[WhiteNationality "IRL"]
[BlackNationality "IRL"]
[WhiteFideId "2501511"]
[BlackFideId "2501902"]
[PlyCount "36"]
[EventDate "2008.02.22"]
[Source "TWIC 696"]

{ Event information: <a
href="https://www.irlchess.com/bunratty2008_allfiles/pairings_bunratty2008.html">Tournament
report</a>. }

1. e4 c5 2. Nf3 g6 3. d4 cxd4 4. Nxd4 Bg7 5. c4 Nc6 6. Be3 Nf6 7. Nc3 Ng4
8. Qxg4 Nxd4 9. Qd1 Ne6 10. Qd2 d6 11. Be2 O-O 12. h4 Qa5 13. h5 Bxc3 14.
bxc3 g5 15. Rb1 h6 16. Bg4 Qe5 17. Bf5 Nc5 18. Bxc8 Raxc8 1/2-1/2

[Event "Bunratty Masters 2008"]
[Site "Bunratty IRL"]
[Date "2008.02.24"]
[Round "6"]
[White "Pert, Nick"]
[Black "Cooper, Lawrence"]
[Result "1-0"]
[WhiteTitle "GM"]
[BlackTitle "IM"]
[WhiteElo "2528"]
[BlackElo "2306"]
[WhiteNationality "ENG"]
[BlackNationality "ENG"]
[WhiteFideId "403989"]
[BlackFideId "401536"]
[PlyCount "61"]
[EventDate "2008.02.22"]
[Source "TWIC 696"]

{ Event information: <a
href="https://www.irlchess.com/bunratty2008_allfiles/pairings_bunratty2008.html">Tournament
report</a>. }

1. d4 Nf6 2. Nf3 d5 3. c4 c6 4. Nc3 e6 5. Bg5 h6 6. Bh4 dxc4 7. e4 g5 8.
Bg3 b5 9. Be2 Bb4 10. Qc2 g4 11. Ne5 Qxd4 12. Nxg4 Nbd7 13. Nxf6+ Nxf6 14.
O-O Bb7 15. Rad1 Qb6 16. b3 cxb3 17. Qxb3 Be7 18. e5 Nd5 19. Nxd5 cxd5 20.
Bxb5+ Bc6 21. Bxc6+ Qxc6 22. Rc1 Qd7 23. f4 f5 24. exf6 Bxf6 25. f5 O-O 26.
Rc7 Qe8 27. Qd3 Qa4 28. Rf4 Qxa2 29. h3 Qa1+ 30. Kh2 Be5 31. f6 1-0

[Event "Bunratty Masters 2008"]
[Site "Bunratty IRL"]
[Date "2008.02.24"]
[Round "6"]
[White "Short, Philip"]
[Black "Fitzsimons, David"]
[Result "1-0"]
[WhiteTitle "FM"]
[WhiteElo "2300"]
[BlackElo "2147"]
[WhiteICU "2265"]
[BlackICU "2115"]
[BlackClub "Elm Mount"]
[WhiteNationality "IRL"]
[BlackNationality "IRL"]
[WhiteFideId "2500086"]
[BlackFideId "2501961"]
[PlyCount "102"]
[EventDate "2008.02.22"]
[Source "TWIC 696"]

{ Event information: <a
href="https://www.irlchess.com/bunratty2008_allfiles/pairings_bunratty2008.html">Tournament
report</a>. }

1. d4 Nf6 2. c4 e6 3. Nc3 Bb4 4. Qb3 c5 5. dxc5 Nc6 6. a3 Bxc5 7. Nf3 b6 8.
Bg5 Bb7 9. e3 O-O 10. Be2 Rc8 11. O-O Be7 12. Rfd1 a6 13. Na4 b5 14. cxb5
Na5 15. Qa2 axb5 16. Nc3 Ne4 17. Bxe7 Qxe7 18. Nxb5 Bd5 19. Rxd5 exd5 20.
Qxd5 Rc2 21. Nbd4 Rc5 22. Qa2 Rfc8 23. b4 Nc3 24. Qd2 Nxe2+ 25. Qxe2 Rc1+
26. Rxc1 Rxc1+ 27. Ne1 Nc6 28. Nc2 Qd6 29. f4 Qd1 30. Qxd1 Rxd1 31. Kf2
Rd2+ 32. Kf3 d5 33. b5 Na5 34. Nb4 Kf8 35. Nec2 Ke7 36. Nd4 Kd6 37. Nf5+
Kc5 38. Nxg7 Kxb5 39. Nf5 Ka4 40. Ne7 d4 41. exd4 Rxd4 42. Nbd5 Nc4 43. Nf6
h6 44. g4 Rd3+ 45. Kf2 Kxa3 46. h4 Rh3 47. h5 Kb4 48. Nf5 Nd2 49. Nxh6 Kc5
50. Nxf7 Rf3+ 51. Ke2 Rxf4 1-0

[Event "Bunratty Masters 2008"]
[Site "Bunratty IRL"]
[Date "2008.02.24"]
[Round "6"]
[White "Wijnhoven, Theo"]
[Black "Griffiths, Ryan-Rhys"]
[Result "1/2-1/2"]
[WhiteElo "1994"]
[BlackElo "2039"]
[BlackICU "1993"]
[BlackClub "Kilkenny"]
[WhiteNationality "NED"]
[BlackNationality "IRL"]
[WhiteFideId "1019120"]
[BlackFideId "2502054"]
[PlyCount "43"]
[EventDate "2008.02.22"]
[Source "TWIC 696"]

{ Event information: <a
href="https://www.irlchess.com/bunratty2008_allfiles/pairings_bunratty2008.html">Tournament
report</a>. }

1. e4 c5 2. Nf3 d6 3. d4 cxd4 4. Nxd4 Nf6 5. Nc3 a6 6. Be2 e6 7. Be3 Be7 8.
O-O O-O 9. f4 Qc7 10. Kh1 Nc6 11. Qe1 Nxd4 12. Bxd4 b5 13. Qg3 Bb7 14. Bd3
Rfd8 15. Rae1 Ne8 16. Qf2 Rd7 17. e5 dxe5 18. Bxe5 Bd6 19. f5 exf5 20. Bxf5
Bxe5 21. Bxd7 Nf6 22. Rxe5 1/2-1/2

[Event "Bunratty Masters 2008"]
[Site "Bunratty IRL"]
[Date "2008.02.24"]
[Round "6"]
[White "Wilson, Alexandra"]
[Black "Short, Stephen"]
[Result "1-0"]
[WhiteTitle "WFM"]
[WhiteElo "2070"]
[BlackElo "2033"]
[BlackICU "1807"]
[WhiteNationality "SUI"]
[BlackNationality "IRL"]
[WhiteFideId "411000"]
[BlackFideId "2500108"]
[PlyCount "43"]
[EventDate "2008.02.22"]
[Source "TWIC 696"]

{ Event information: <a
href="https://www.irlchess.com/bunratty2008_allfiles/pairings_bunratty2008.html">Tournament
report</a>. }

1. e4 c5 2. Nf3 Nc6 3. Bb5 d6 4. d4 cxd4 5. Qxd4 Bd7 6. Bxc6 Bxc6 7. Nc3 e5
8. Qd3 Nf6 9. Bg5 Qb6 10. O-O-O O-O-O 11. Nh4 Qxf2 12. Rhf1 Qc5 13. Nf5 Rd7
14. Bxf6 gxf6 15. Qh3 Kb8 16. Qh4 Rg8 17. g3 d5 18. exd5 Bxd5 19. Qxf6 Be6
20. Rxd7 Bxd7 21. Qxf7 Bb5 22. Rd1 1-0